000
00281nam a22001217a 4500
008
170925b xxu||||| |||| 00| 0 eng d
041
_a
eng
080
_a
37
100
_a
46
101
_a
EDU
245
_a
THEORETICAL ISSUES IN READING COMPREHENSION
_c
SPIRO,R.J
942
_2
udc
_c
BK
999
_c
29734
_d
29734